| 000 | 00814nam a2200241 i 4500 | ||
|---|---|---|---|
| 001 | 10264 | ||
| 003 | ES-MaACL | ||
| 005 | 20230906145843.0 | ||
| 008 | 950407s1994 sp l00110 spa d | ||
| 020 | _a84-604-8775-X | ||
| 080 | _a791.44.071.1 Ray, Nicholas | ||
| 100 | 1 |
_aRay, Nicholas. _995619 |
|
| 245 | 1 | 0 |
_aPor primera o última vez _b: haciendo cine / _cNicholas Ray; textos reunidos por Susan Ray; traducción de María Álvarez Menéndez. |
| 250 | _a1ª ed. | ||
| 260 |
_aOviedo : _bAyuntamiento, Fundación de Cultura, _c1994. |
||
| 300 |
_a368 p. ; _c22 cm. |
||
| 504 | _aFilmografía : p. 351-368. | ||
| 600 | 1 | 4 |
_aRay, Nicholas. _995619 |
| 700 | 1 |
_aRay, Susan. _995622 |
|
| 700 | 1 |
_aAlvarez Menéndez, María. _920881 |
|
| 710 | 1 |
_aOviedo. _bAyuntamiento. _96084 |
|
| 852 |
_aES-MaACL _jL-17772 |
||
| 999 |
_c10264 _d10264 |
||